000 00631nam a2200217Ii 4500
003 JO-AjNU
008 230606s9999||||xx |||||||||||||| ||und||
020 _a0-471-47953-5
040 _aJO-AjNU
_beng
_erda
_cJO-AjNU
041 _aeng
050 1 4 _aHF5635.W5244 2005
100 3 _aWeygandt, Jerry j, Donald E.Kieso, Paul D. Kimmel,
_eauthor
_96827
245 0 0 _aAccounting Principles
250 _a7th ed
264 3 1 _aNew York: john wiley and Sons, INC,2005
300 _a962p
336 _atext
_btxt
_2rdacontent
337 _aunmediated
_bn
_2rdamedia
338 _avolume
_bnc
_2rdacarrier
650 4 _aAccounting
_96828
999 _aE3559
_c3538
_d3538